[Event "BLR-ch (Women)"]
[Site "Minsk"]
[Date "2015.01.22"]
[Round "9"]
[White "Nevioselaya, Maria"]
[Black "Bogdan, Ekaterina"]
[Result "1/2-1/2"]
[WhiteElo "2042"]
[BlackElo "2016"]
[PlyCount "141"]
[EventDate "2015.01.14"]
[EventType "tourn"]
[EventRounds "9"]
[EventCountry "BLR"]
[SourceTitle "CBM 164 Extra"]
[Source "ChessBase"]
[SourceDate "2015.03.02"]
[SourceVersion "1"]
[SourceVersionDate "2015.03.02"]
[SourceQuality "1"]

1. e4 e6 2. d4 d5 3. Nc3 Bb4 4. e5 c5 5. a3 Bxc3+ 6. bxc3 Qc7 7. Qg4 f5 8. Qg3 Nc6 9. Nf3 Nge7 10. Bd3 cxd4 11. Bd2 dxc3 12. Bxc3 0-0 13. 0-0 Bd7 14. Rfe1 Be8 15. Ng5 Bf7 16. Qh3 h6 17. Nf3 Bg6 18. a4 Qd7 19. Bd2 Qe8 20. Rab1 b6 21. Bb5 Qf7 22. c4 f4 23. Rbc1 Bf5 24. Qh4 Be4 25. cxd5 Bxd5 26. Rc3 Rad8 27. Bc1 Rc8 28. Ba3 Ng6 29. Qh3 Nce7 30. Nd4 Rxc3 31. Qxc3 Rc8 32. Qd3 Nc6 33. Nxc6 Bxc6 34. Rc1 Nxe5 35. Qd6 Qf6 36. Bxc6 Nxc6 37. h3 Ne7 38. Re1 Nf5 39. Qxf4 Qd4 40. Qxd4 Nxd4 41. Bb2 Nf5 42. Rxe6 Rc2 43. Re5 Rxb2 44. Rxf5 a5 45. Rd5 Rb4 46. Rd6 Kf7 47. g4 Rxa4 48. Rxb6 Ra1+ 49. Kg2 a4 50. Ra6 a3 51. Kf3 a2 52. Kf4 g5+ 53. Kf5 Rh1 54. Ra7+ Ke8 55. Rxa2 Rxh3 56. Kg6 Rh4 57. f3 Rh3 58. Ra3 Kf8 59. Ra8+ Ke7 60. Rh8 Rxf3 61. Rxh6 Ra3 62. Rh7+ Kf8 63. Rh8+ Ke7 64. Kxg5 Kf7 65. Rh7+ Kg8 66. Re7 Ra6 67. Kh5 Rb6 68. g5 Ra6 69. Rb7 Rc6 70. g6 Rc1 71. Rb4 1/2-1/2

[Event "Wch U18 Girls"]
[Site "Durban"]
[Date "2014.09.29"]
[Round "11"]
[White "Nevioselaya, Maria"]
[Black "Navrotescu, Andreea Cristiana"]
[Result "1-0"]
[WhiteElo "2024"]
[BlackElo "2208"]
[PlyCount "137"]
[EventDate "2014.09.20"]
[EventType "swiss"]
[EventRounds "11"]
[EventCountry "RSA"]
[SourceTitle "CBM 162 Extra"]
[Source "ChessBase"]
[SourceDate "2014.10.17"]
[SourceVersion "1"]
[SourceVersionDate "2014.10.17"]
[SourceQuality "1"]

1. e4 c5 2. Nf3 d6 3. d4 cxd4 4. Qxd4 Nc6 5. Bb5 Bd7 6. Bxc6 Bxc6 7. Nc3 e5 8. Qd3 h6 9. Be3 Nf6 10. 0-0-0 Qd7 11. Nh4 g6 12. f4 Ng4 13. fxe5 Nxe5 14. Qd4 Bg7 15. Nf3 0-0 16. Nxe5 Bxe5 17. Qd2 h5 18. Bd4 Qg4 19. h3 Qf4 20. Be3 Qf6 21. Rhf1 Qh8 22. Bg5 Rac8 23. Rf3 b5 24. Rdf1 b4 25. Nd5 Bxd5 26. Qxd5 Bxb2+ 27. Kb1 Ba1 28. Bf6 Bxf6 29. Rxf6 Qg7 30. Qxd6 a5 31. e5 a4 32. e6 fxe6 33. Qxe6+ Kh8 34. Rxf8+ Rxf8 35. Rxf8+ Qxf8 36. Qxg6 Qf1+ 37. Kb2 Qb5 38. Qf6+ Kg8 39. Qg6+ Kf8 40. Qf6+ Ke8 41. Qe6+ Kd8 42. g4 hxg4 43. hxg4 Qc5 44. Qf6+ Kc7 45. g5 a3+ 46. Kb3 Qd5+ 47. Kxb4 Qxa2 48. Qc3+ Kd8 49. Qb3 Qb2 50. c3 Qc1 51. Qg8+ Ke7 52. Qb3 Qxg5 53. Qxa3 Qe3 54. Kc4+ Kf7 55. Qd6 Qe4+ 56. Kc5 Qe3+ 57. Qd4 Qe7+ 58. Kc6 Qe6+ 59. Qd6 Qc4+ 60. Qc5 Qe6+ 61. Kc7 Qe4 62. c4 Qf4+ 63. Kb7 Qc1 64. Qd5+ Ke7 65. c5 Qf4 66. c6 Qb4+ 67. Kc8 Kf6 68. c7 Qg4+ 69. Kd8 1-0

[Event "Wch U18 Girls"]
[Site "Durban"]
[Date "2014.09.28"]
[Round "10"]
[White "Leonardi, Caterina"]
[Black "Nevioselaya, Maria"]
[Result "1/2-1/2"]
[WhiteElo "1903"]
[BlackElo "2024"]
[PlyCount "134"]
[EventDate "2014.09.20"]
[EventType "swiss"]
[EventRounds "11"]
[EventCountry "RSA"]
[SourceTitle "CBM 162 Extra"]
[Source "ChessBase"]
[SourceDate "2014.10.17"]
[SourceVersion "1"]
[SourceVersionDate "2014.10.17"]
[SourceQuality "1"]

1. d4 d5 2. c4 c6 3. Nf3 Nf6 4. Qb3 dxc4 5. Qxc4 Bf5 6. g3 e6 7. Bg2 Be7 8. 0-0 Nbd7 9. e3 0-0 10. Qe2 Ne4 11. Nfd2 Nxd2 12. Nxd2 Nb6 13. Nb3 Bd6 14. f4 Bg6 15. e4 f5 16. Nc5 Qc8 17. Be3 a5 18. Bf2 Bf7 19. Rfd1 Re8 20. Qc2 Bf8 21. Rac1 g6 22. Qb3 Qc7 23. Nxe6 Bxe6 24. d5 Nxd5 25. exd5 Bf7 26. Qf3 c5 27. d6 Bxd6 28. Qxb7 Rab8 29. Qxc7 Bxc7 30. Bxc5 Rxb2 31. Bc6 Ree2 32. a4 Rxh2 33. Bd4 Rbc2 34. Bf3 Rxc1 35. Rxc1 Rd2 36. Be3 Rd3 37. Kf2 Bd8 38. Rc8 Kg7 39. Be2 Rd6 40. Ra8 h5 41. Ra7 Kf6 42. Bc5 Bb6 43. Bxb6 Rxb6 44. Rxa5 Rb2 45. Rc5 Ra2 46. a5 Bb3 47. Ke3 Bc2 48. a6 Be4 49. Rc3 g5 50. Rb3 h4 51. fxg5+ Kxg5 52. gxh4+ Kxh4 53. Rb8 Kg5 54. Bc4 Ra5 55. Kd4 Bc6 56. Rb6 Ba8 57. Rb8 Bc6 58. Rb2 f4 59. Ra2 Rxa2 60. Bxa2 f3 61. Ke3 Kf5 62. a7 Ke5 63. Bf7 Kd6 64. Be8 Ba8 65. Bh5 Kc7 66. Bxf3 Bxf3 67. Kxf3 Kb7 1/2-1/2

[Event "Wch U18 Girls"]
[Site "Durban"]
[Date "2014.09.23"]
[Round "6"]
[White "Ichimura G Barbosa, Larissa Yuki"]
[Black "Nevioselaya, Maria"]
[Result "1/2-1/2"]
[WhiteElo "1952"]
[BlackElo "2024"]
[PlyCount "62"]
[EventDate "2014.09.20"]
[EventType "swiss"]
[EventRounds "11"]
[EventCountry "RSA"]
[SourceTitle "CBM 162 Extra"]
[Source "ChessBase"]
[SourceDate "2014.10.17"]
[SourceVersion "1"]
[SourceVersionDate "2014.10.17"]
[SourceQuality "1"]

1. e4 e5 2. Nf3 Nc6 3. Bb5 a6 4. Ba4 Nf6 5. d3 d6 6. c3 Be7 7. 0-0 0-0 8. Re1 b5 9. Bc2 Re8 10. a4 Bb7 11. Nbd2 Bf8 12. Nf1 h6 13. Ng3 g6 14. h4 h5 15. Bg5 Be7 16. d4 Nd7 17. Bb3 Bf6 18. Ba2 Na7 19. Bxf6 Nxf6 20. Ng5 Rf8 21. Qf3 c5 22. dxe5 dxe5 23. Nf5 gxf5 24. Qxf5 c4 25. Re3 Qe7 26. Rf3 Kg7 27. Rg3 Kh8 28. Rf3 Kg7 29. Rg3 Kh8 30. Rf3 Kg7 31. Rg3 Kh8 1/2-1/2

[Event "Wch U18 Girls"]
[Site "Durban"]
[Date "2014.09.23"]
[Round "5"]
[White "Nevioselaya, Maria"]
[Black "Styazhkina, Anna"]
[Result "0-1"]
[WhiteElo "2024"]
[BlackElo "2203"]
[PlyCount "56"]
[EventDate "2014.09.20"]
[EventType "swiss"]
[EventRounds "11"]
[EventCountry "RSA"]
[SourceTitle "CBM 162 Extra"]
[Source "ChessBase"]
[SourceDate "2014.10.17"]
[SourceVersion "1"]
[SourceVersionDate "2014.10.17"]
[SourceQuality "1"]

1. e4 e5 2. Nf3 Nc6 3. Bb5 a6 4. Ba4 Nge7 5. 0-0 g6 6. c3 Bg7 7. d4 exd4 8. cxd4 b5 9. Bb3 d6 10. h3 0-0 11. Nc3 h6 12. Bf4 Kh7 13. Rc1 f5 14. exf5 Bxf5 15. Nd5 Be4 16. Nxe7 Nxe7 17. Be3 Bxf3 18. gxf3 Nf5 19. Kh2 d5 20. Rc5 Qd6+ 21. f4 c6 22. Kh1 Rae8 23. Qd3 Re4 24. Qc2 Qd7 25. Rxc6 Nxd4 26. Bxd4 Qxh3+ 27. Kg1 Qg4+ 28. Kh1 Rf5 0-1

[Event "Olympiad Women-41"]
[Site "Tromsoe"]
[Date "2014.08.11"]
[Round "9.2"]
[White "Nevioselaya, Maria"]
[Black "Franciskovic, Borka"]
[Result "1/2-1/2"]
[WhiteElo "2032"]
[BlackElo "2318"]
[PlyCount "99"]
[EventDate "2014.08.02"]
[EventType "team-swiss"]
[EventRounds "11"]
[EventCountry "NOR"]
[SourceTitle "CBM 162"]
[Source "ChessBase"]
[SourceDate "2014.09.17"]
[SourceVersion "1"]
[SourceVersionDate "2014.09.17"]
[SourceQuality "1"]
[WhiteTeam "Belarus (W)"]
[BlackTeam "Croatia (W)"]
[WhiteTeamCountry "BLR"]
[BlackTeamCountry "CRO"]

1. e4 c6 2. d4 d5 3. Nc3 dxe4 4. Nxe4 Bf5 5. Ng3 Bg6 6. h4 h6 7. Nf3 Nd7 8. h5 Bh7 9. Bd3 Bxd3 10. Qxd3 e6 11. Bd2 Qc7 12. 0-0-0 Ngf6 13. Ne4 0-0-0 14. g3 Nxe4 15. Qxe4 Nf6 16. Qe2 Bd6 17. c4 c5 18. Bc3 cxd4 19. Nxd4 a6 20. Nb3 Qc6 21. Rhe1 Bc7 22. Rxd8+ Rxd8 23. Kb1 Rd7 24. f4 Rd8 25. Be5 Bxe5 26. fxe5 Nh7 27. Qe3 Kb8 28. Nd2 Ng5 29. a3 Kc8 30. Re2 Qd7 31. Ne4 Nxe4 32. Qxe4 Qd3+ 33. Ka2 Rd4 34. Qxd3 Rxd3 35. Rf2 Rxg3 36. Rxf7 Rg5 37. b4 Rxh5 38. Rxg7 Rxe5 39. Kb3 h5 40. Rh7 b6 41. Kc3 Re3+ 42. Kd4 Rxa3 43. c5 bxc5+ 44. bxc5 h4 45. Ke5 Rd3 46. Kxe6 h3 47. Ke5 Kd8 48. Ke4 Rd1 49. Rxh3 Kc7 50. Ra3 1/2-1/2

[Event "Olympiad Women-41"]
[Site "Tromsoe"]
[Date "2014.08.08"]
[Round "6.3"]
[White "Botez, Alexandra"]
[Black "Nevioselaya, Maria"]
[Result "1-0"]
[WhiteElo "2089"]
[BlackElo "2032"]
[PlyCount "231"]
[EventDate "2014.08.02"]
[EventType "team-swiss"]
[EventRounds "11"]
[EventCountry "NOR"]
[SourceTitle "CBM 162"]
[Source "ChessBase"]
[SourceDate "2014.09.17"]
[SourceVersion "1"]
[SourceVersionDate "2014.09.17"]
[SourceQuality "1"]
[WhiteTeam "Canada (W)"]
[BlackTeam "Belarus (W)"]
[WhiteTeamCountry "CAN"]
[BlackTeamCountry "BLR"]

1. d4 d5 2. Nf3 Nf6 3. Bf4 c6 4. e3 Bg4 5. Nbd2 e6 6. h3 Bh5 7. g4 Bg6 8. Ne5 Nfd7 9. Nxg6 hxg6 10. Nf3 c5 11. c3 Nc6 12. Bg2 Be7 13. 0-0 0-0 14. Re1 b5 15. dxc5 Nxc5 16. Nd4 Qb6 17. b3 Ne4 18. Qd3 Nxd4 19. exd4 Bd6 20. Be3 Nf6 21. c4 bxc4 22. bxc4 dxc4 23. Qxc4 Rac8 24. Qa4 Nd5 25. Bxd5 exd5 26. Reb1 Qd8 27. Rb5 Qh4 28. Rxd5 Rce8 29. Qb3 Qxh3 30. Rxd6 Re4 31. Rxg6 Rfe8 32. Re1 R8e6 33. Rg5 f6 34. Qb8+ Re8 35. Qb3+ R8e6 36. Qb8+ Re8 37. Qh2 Qxh2+ 38. Kxh2 fxg5 39. Rg1 Rc8 40. Kg3 Kf7 41. Rb1 Rc2 42. a4 Ra2 43. Rb4 Ra3 44. Kf3 Re7 45. d5 Kf6 46. d6 Rd7 47. Ke4 Ke6 48. Rc4 Ra2 49. Bc5 Re2+ 50. Kd3 Kd5 51. Bxa7 Rd2+ 52. Kxd2 Kxc4 53. Bb8 Rf7 54. Ke3 Kb4 55. Bc7 Kxa4 56. Ke4 Kb5 57. Kd5 Rd7 58. f3 g6 59. Ke6 Kc6 60. Kf6 Rh7 61. Kxg5 Rf7 62. f4 Kd7 63. Bb8 Rf8 64. Ba7 Kxd6 65. Kxg6 Rg8+ 66. Kf5 Rf8+ 67. Ke4 Re8+ 68. Kf3 Ra8 69. Bd4 Kd5 70. Be3 Ra1 71. g5 Ke6 72. Kg4 Ra4 73. Bb6 Rb4 74. Bc7 Kf7 75. Kf5 Rb5+ 76. Be5 Rb6 77. Kg4 Rb5 78. Kh5 Rb1 79. g6+ Ke6 80. Kh6 Rg1 81. Kh7 Rh1+ 82. Kg8 Rg1 83. g7 Rc1 84. Kh7 Rh1+ 85. Kg8 Rc1 86. Bd4 Rc2 87. Be5 Rc1 88. Bb2 Rc2 89. Ba3 Rc3 90. Bf8 Rc2 91. Kh7 Rh2+ 92. Kg6 Rg2+ 93. Kh7 Rh2+ 94. Kg8 Rc2 95. Bb4 Rc1 96. Bd2 Rb1 97. Be3 Rb2 98. Bg1 Rg2 99. Bd4 Rc2 100. Be3 Rb2 101. Kh7 Rh2+ 102. Kg8 Rb2 103. Bc5 Ra2 104. Bb4 Rc2 105. Be1 Ra2 106. Bh4 Ra8+ 107. Kh7 Kf7 108. Bf2 Rg8 109. Bd4 Rc8 110. Bc5 Rg8 111. Bf8 Rxf8 112. gxf8Q+ Kxf8 113. Kg6 Kg8 114. f5 Kf8 115. Kf6 Ke8 116. Kg7 1-0

[Event "Olympiad Women-41"]
[Site "Tromsoe"]
[Date "2014.08.04"]
[Round "3.3"]
[White "Nevioselaya, Maria"]
[Black "Muhren, Bianca"]
[Result "0-1"]
[WhiteElo "2032"]
[BlackElo "2314"]
[PlyCount "102"]
[EventDate "2014.08.02"]
[EventType "team-swiss"]
[EventRounds "11"]
[EventCountry "NOR"]
[SourceTitle "CBM 162"]
[Source "ChessBase"]
[SourceDate "2014.09.17"]
[SourceVersion "1"]
[SourceVersionDate "2014.09.17"]
[SourceQuality "1"]
[WhiteTeam "Belarus (W)"]
[BlackTeam "Netherlands (W)"]
[WhiteTeamCountry "BLR"]
[BlackTeamCountry "NED"]

1. e4 c5 2. Nf3 e6 3. d4 cxd4 4. Nxd4 Nc6 5. Nc3 Qc7 6. Be3 a6 7. Bd3 Nf6 8. 0-0 b5 9. Nxc6 Qxc6 10. a3 Bb7 11. Qe2 Rc8 12. f3 Bc5 13. e5 Nd5 14. Nxd5 Qxd5 15. Bf2 Bxf2+ 16. Rxf2 Qc5 17. Rd1 0-0 18. c3 f5 19. Bc2 Bd5 20. Rd4 Rcd8 21. f4 Kh8 22. a4 Qb6 23. axb5 axb5 24. Bd3 Bc6 25. h3 Ra8 26. Kh2 Ra4 27. Rd6 Rfa8 28. Rf1 Ra1 29. Rxa1 Rxa1 30. Rd4 Qc5 31. Qh5 Qe7 32. Rb4 g6 33. Qe2 Qc5 34. Bxb5 Qg1+ 35. Kg3 Re1 36. Qd2 Bxg2 37. Qxe1 Qxe1+ 38. Kxg2 d6 39. exd6 Qd2+ 40. Kg3 Qxd6 41. Kf3 Qd5+ 42. Kf2 g5 43. fxg5 Qd2+ 44. Be2 Qxg5 45. Rb8+ Kg7 46. Rb7+ Kg6 47. c4 Qh4+ 48. Kf1 Qxh3+ 49. Kf2 Qh2+ 50. Ke3 f4+ 51. Kd3 Qf2 0-1

[Event "EU-ch (Women) 15th"]
[Site "Plovdiv"]
[Date "2014.07.17"]
[Round "11"]
[White "Balimezova, Margarita"]
[Black "Nevioselaya, Maria"]
[Result "0-1"]
[WhiteElo "1631"]
[BlackElo "2039"]
[PlyCount "44"]
[EventDate "2014.07.06"]
[EventType "swiss"]
[EventRounds "11"]
[EventCountry "BUL"]
[SourceTitle "CBM 162"]
[Source "ChessBase"]
[SourceDate "2014.09.17"]
[SourceVersion "1"]
[SourceVersionDate "2014.09.17"]
[SourceQuality "1"]

1. d4 d5 2. Nf3 Nf6 3. c4 c6 4. e3 Bf5 5. Nc3 e6 6. h3 h6 7. cxd5 exd5 8. Be2 Bd6 9. a3 Ne4 10. Nxe4 dxe4 11. Nd2 0-0 12. b4 a6 13. Bb2 Nd7 14. Qb3 Nb6 15. Nc4 Nxc4 16. Bxc4 b5 17. Be2 Be6 18. Qc3 Bd5 19. h4 a5 20. Kd2 axb4 21. axb4 Qe7 22. Ba3 Rxa3 0-1

[Event "EU-ch (Women) 15th"]
[Site "Plovdiv"]
[Date "2014.07.08"]
[Round "3"]
[White "Schleining, Zoya"]
[Black "Nevioselaya, Maria"]
[Result "1-0"]
[WhiteElo "2376"]
[BlackElo "2039"]
[PlyCount "61"]
[EventDate "2014.07.06"]
[EventType "swiss"]
[EventRounds "11"]
[EventCountry "BUL"]
[SourceTitle "CBM 162"]
[Source "ChessBase"]
[SourceDate "2014.09.17"]
[SourceVersion "1"]
[SourceVersionDate "2014.09.17"]
[SourceQuality "1"]

1. g3 d5 2. Bg2 c6 3. c4 Nf6 4. Nf3 dxc4 5. Na3 e5 6. Nxc4 e4 7. Ng5 Bc5 8. 0-0 Bf5 9. Qb3 Qe7 10. d4 exd3 11. e4 Bg6 12. e5 Ng4 13. Nd6+ Kf8 14. Bf4 Bb6 15. e6 Na6 16. Ndxf7 Bxf7 17. Nxf7 Nc5 18. Qd1 Qxe6 19. Nxh8 Kg8 20. Bh3 h5 21. Bxg4 hxg4 22. b4 Ne4 23. Qxd3 Kxh8 24. Qc2 Nf6 25. Rae1 Qd7 26. Qg6 Nd5 27. Re4 Rf8 28. Be5 Ne3 29. Qxg7+ Qxg7 30. Bxg7+ Kxg7 31. fxe3 1-0

[Event "BLR-ch U20 Girls"]
[Site "Minsk"]
[Date "2014.05.17"]
[Round "6"]
[White "Nevioselaya, Maria"]
[Black "Kaliadzich, Maryia"]
[Result "1/2-1/2"]
[WhiteElo "2101"]
[BlackElo "2005"]
[PlyCount "58"]
[EventDate "2014.05.12"]
[EventType "tourn"]
[EventRounds "10"]
[EventCountry "BLR"]
[SourceTitle "CBM 160 Extra"]
[Source "ChessBase"]
[SourceDate "2014.07.01"]
[SourceVersion "1"]
[SourceVersionDate "2014.07.01"]
[SourceQuality "1"]

1. e4 c5 2. Nf3 Nc6 3. d4 cxd4 4. Nxd4 e5 5. Nb5 a6 6. Nd6+ Bxd6 7. Qxd6 Qe7 8. Qd1 Nf6 9. Nc3 d6 10. Bg5 Be6 11. Nd5 Bxd5 12. Bxf6 Qxf6 13. Qxd5 0-0 14. c3 Ne7 15. Qd2 Rfd8 16. Bc4 Rac8 17. Bb3 Qh4 18. Qd3 Ng6 19. 0-0 Nf4 20. Qf3 Qf6 21. Rfd1 Qg6 22. Rd2 h5 23. Rad1 h4 24. h3 Kf8 25. Bc2 Rc4 26. Qg4 Qxg4 27. hxg4 Ke7 28. f3 Rc5 29. Bb3 Rc7 1/2-1/2

[Event "BLR-ch U20 Girls"]
[Site "Minsk"]
[Date "2014.05.13"]
[Round "2"]
[White "Nevioselaya, Maria"]
[Black "Malatsilava, Volha"]
[Result "0-1"]
[WhiteElo "2101"]
[BlackElo "1972"]
[PlyCount "92"]
[EventDate "2014.05.12"]
[EventType "tourn"]
[EventRounds "10"]
[EventCountry "BLR"]
[SourceTitle "CBM 160 Extra"]
[Source "ChessBase"]
[SourceDate "2014.07.01"]
[SourceVersion "1"]
[SourceVersionDate "2014.07.01"]
[SourceQuality "1"]

1. e4 c5 2. Nf3 e6 3. d4 cxd4 4. Nxd4 Nf6 5. Nc3 d6 6. Bd3 Be7 7. 0-0 0-0 8. Kh1 Nc6 9. Nb3 a6 10. a4 Bd7 11. f4 Rc8 12. Qe2 Qc7 13. Bd2 Nb4 14. e5 Ne8 15. Bxh7+ Kxh7 16. Qe4+ g6 17. Qxb4 Bc6 18. Qd4 Rd8 19. Qe3 b6 20. Nd4 Bb7 21. Rae1 Rh8 22. f5 gxf5 23. Nxf5 exf5 24. Rxf5 Kg8 25. e6 f6 26. Qg3+ Ng7 27. Qg6 Rf8 28. Re3 d5 29. Rg3 Bd6 30. Bf4 Bxf4 31. Rxf4 f5 32. Ne2 Qe5 33. Qg5 Rh7 34. e7 Re8 35. Ng1 Qxe7 36. Qg6 Qe6 37. Qg5 Qe7 38. Qxf5 Rf8 39. Qxf8+ Qxf8 40. Rxf8+ Kxf8 41. Rg6 Nf5 42. Rf6+ Rf7 43. Rxb6 Ne3 44. Nf3 Nxc2 45. Kg1 Ne3 46. Ne5 Rf1# 0-1

[Event "BLR-ch U20 Girls"]
[Site "Minsk"]
[Date "2014.05.12"]
[Round "1"]
[White "Kaliadzich, Maryia"]
[Black "Nevioselaya, Maria"]
[Result "1/2-1/2"]
[WhiteElo "2005"]
[BlackElo "2101"]
[PlyCount "56"]
[EventDate "2014.05.12"]
[EventType "tourn"]
[EventRounds "10"]
[EventCountry "BLR"]
[SourceTitle "CBM 160 Extra"]
[Source "ChessBase"]
[SourceDate "2014.07.01"]
[SourceVersion "1"]
[SourceVersionDate "2014.07.01"]
[SourceQuality "1"]

1. d4 d5 2. Nf3 Nf6 3. e3 Bf5 4. c4 c6 5. Nc3 e6 6. Nh4 Bg6 7. Nxg6 hxg6 8. Bd3 Bd6 9. h3 Nbd7 10. Bd2 g5 11. e4 dxe4 12. Nxe4 Nxe4 13. Bxe4 f5 14. Bd3 Qf6 15. Qc2 g4 16. 0-0-0 gxh3 17. d5 cxd5 18. cxd5 Ke7 19. Rhe1 Rac8 20. Bc3 Qg5+ 21. Kb1 hxg2 22. dxe6 Nb6 23. f4 Bxf4 24. Bxf5 Be3 25. Bb4+ Kf6 26. Bc3+ Ke7 27. Bb4+ Kf6 28. Bc3+ Ke7 1/2-1/2

[Event "BLR-ch (Women) 58th"]
[Site "Minsk"]
[Date "2014.01.17"]
[Round "8"]
[White "Kaliadzich, Maryia"]
[Black "Nevioselaya, Maria"]
[Result "0-1"]
[WhiteElo "2003"]
[BlackElo "2087"]
[PlyCount "68"]
[EventDate "2014.01.10"]
[EventType "tourn"]
[EventRounds "9"]
[EventCountry "BLR"]
[SourceTitle "CBM 158 Extra"]
[Source "ChessBase"]
[SourceDate "2014.02.28"]
[SourceVersion "1"]
[SourceVersionDate "2014.02.28"]
[SourceQuality "1"]

1. Nf3 d5 2. d4 Nf6 3. e3 c6 4. Bd3 Bg4 5. c4 e6 6. Nbd2 Bd6 7. 0-0 Nbd7 8. b3 0-0 9. Bb2 Qe7 10. Qc2 e5 11. cxd5 Bxf3 12. gxf3 exd4 13. Bxd4 Nxd5 14. Bxh7+ Kh8 15. Ne4 Be5 16. Bf5 Bxd4 17. exd4 g6 18. Qd2 Kg7 19. Bxd7 Qxd7 20. Qg5 Rh8 21. Qe5+ f6 22. Qd6 Qf5 23. Nc5 Rh5 24. Ne6+ Kh6 25. Rae1 Re8 26. Re4 Qxf3 27. Rfe1 f5 28. Qe5 Rg8 29. R4e2 Rh4 30. Re3 Nxe3 31. Rxe3 Rg4+ 32. Kf1 Qd1+ 33. Re1 Qd3+ 34. Qe2 Qh3# 0-1

[Event "BLR-ch (Women) 58th"]
[Site "Minsk"]
[Date "2014.01.11"]
[Round "2"]
[White "Malatsilava, Volha"]
[Black "Nevioselaya, Maria"]
[Result "1/2-1/2"]
[WhiteElo "1939"]
[BlackElo "2087"]
[PlyCount "178"]
[EventDate "2014.01.10"]
[EventType "tourn"]
[EventRounds "9"]
[EventCountry "BLR"]
[SourceTitle "CBM 158 Extra"]
[Source "ChessBase"]
[SourceDate "2014.02.28"]
[SourceVersion "1"]
[SourceVersionDate "2014.02.28"]
[SourceQuality "1"]

1. e4 c6 2. d4 d5 3. exd5 cxd5 4. Bd3 Nc6 5. c3 Nf6 6. Bf4 Bg4 7. Qb3 Qd7 8. Nd2 e6 9. Ngf3 Bxf3 10. Nxf3 Bd6 11. Bxd6 Qxd6 12. Qxb7 0-0 13. 0-0 Rab8 14. Qa6 Rb6 15. Qa3 Qxa3 16. bxa3 Rc8 17. Rab1 Nd7 18. Rfc1 Na5 19. Rb4 Nc6 20. Rb3 Na5 21. Rb4 Nc6 22. Rb3 g6 23. Kf1 Kf8 24. Ke2 f6 25. Kd1 e5 26. Bb5 e4 27. Nd2 Ke7 28. Nf1 Na5 29. Rb4 Nc6 30. Rb3 f5 31. Ne3 Nf6 32. g3 Rc7 33. h4 Ke6 34. Be2 h6 35. Rcb1 Rcb7 36. Bb5 Rc7 37. Be2 Nd7 38. Rb5 Rxb5 39. Rxb5 Nb6 40. Kd2 g5 41. hxg5 hxg5 42. Rc5 Nd7 43. Rxd5 Ne7 44. Rb5 Nb6 45. c4 f4 46. gxf4 gxf4 47. Re5+ Kd7 48. Ng4 f3 49. Bf1 Nxc4+ 50. Bxc4 Rxc4 51. Rxe4 Ra4 52. Re3 Nd5 53. Rxf3 Kd6 54. Ne3 Rxd4+ 55. Kc2 Rf4 56. Rxf4 Nxf4 57. Kc3 Kc5 58. f3 Ne2+ 59. Kd2 Nf4 60. Nc2 Kc4 61. Ne3+ Kd4 62. Nc2+ Kc4 63. Ke3 Ng2+ 64. Kf2 Nf4 65. Ke3 Ng2+ 66. Kd2 Nf4 67. Ne1 Kd4 68. Nc2+ Kc4 69. Nb4 a5 70. Nc6 a4 71. Nb4 Kd4 72. Nc2+ Kc4 73. Ne3+ Kd4 74. Nd1 Nd5 75. Nb2 Nc3 76. f4 Nb1+ 77. Ke2 Ke4 78. Nxa4 Nxa3 79. Nc5+ Kxf4 80. Kd3 Ke5 81. Kc3 Kd5 82. Nd3 Kc6 83. Kb4 Nc2+ 84. Kb3 Nd4+ 85. Kc4 Nb5 86. a4 Nd6+ 87. Kb4 Nb7 88. Ne5+ Kb6 89. Nc4+ Ka6 1/2-1/2

[Event "BLR-ch (Women) 58th"]
[Site "Minsk"]
[Date "2014.01.10"]
[Round "1"]
[White "Bogdan, Ekaterina"]
[Black "Nevioselaya, Maria"]
[Result "1/2-1/2"]
[WhiteElo "2043"]
[BlackElo "2087"]
[PlyCount "111"]
[EventDate "2014.01.10"]
[EventType "tourn"]
[EventRounds "9"]
[EventCountry "BLR"]
[SourceTitle "CBM 158 Extra"]
[Source "ChessBase"]
[SourceDate "2014.02.28"]
[SourceVersion "1"]
[SourceVersionDate "2014.02.28"]
[SourceQuality "1"]

1. e4 e5 2. Nf3 Nc6 3. d4 exd4 4. Nxd4 Bc5 5. Nxc6 Qf6 6. Qf3 bxc6 7. Nd2 d6 8. Nb3 Qxf3 9. gxf3 Bb6 10. Rg1 g6 11. c4 Be6 12. Bg5 a5 13. c5 dxc5 14. Nd2 f6 15. Be3 Ne7 16. Bc4 Bxc4 17. Nxc4 a4 18. Rc1 Kf7 19. Ke2 Ke6 20. Rc3 Rhd8 21. Rgc1 Rdb8 22. R1c2 Kf7 23. Rd3 Rd8 24. Rdc3 Rdb8 25. Na3 Ra5 26. Nc4 Raa8 27. Rd3 Rd8 28. Rxd8 Rxd8 29. Nd2 Rb8 30. Rc4 Ba5 31. Rxa4 Bxd2 32. Kxd2 Rxb2+ 33. Kc3 Rb7 34. Ra8 Ke6 35. Bxc5 Kd7 36. Rf8 Nc8 37. Rxf6 Nb6 38. Rf7+ Ke6 39. Re7+ Kf6 40. e5+ Kf5 41. Kd4 Nd5 42. Rxh7 Rb2 43. Kd3 Rxa2 44. Bd4 Nf4+ 45. Kc3 Ne2+ 46. Kb3 Nc1+ 47. Kb4 Nd3+ 48. Kb3 Nc1+ 49. Kb4 Nd3+ 50. Kc3 Nxe5 51. f4 Kxf4 52. Rxc7 Ra3+ 53. Kc2 Rh3 54. Re7 Ng4 55. Re6 Kf5 56. Rxc6 1/2-1/2

[Event "Wch U18 Girls"]
[Site "Al Ain"]
[Date "2013.12.23"]
[Round "8"]
[White "Bivol, Alina"]
[Black "Nevioselaya, Maria"]
[Result "1-0"]
[WhiteElo "2236"]
[BlackElo "2088"]
[PlyCount "90"]
[EventDate "2013.12.18"]
[EventType "swiss"]
[EventRounds "11"]
[EventCountry "UAE"]
[SourceTitle "CBM 158 Extra"]
[Source "ChessBase"]
[SourceDate "2014.02.28"]
[SourceVersion "1"]
[SourceVersionDate "2014.02.28"]
[SourceQuality "1"]

1. e4 e5 2. Nc3 Nf6 3. g3 d5 4. exd5 Nxd5 5. Bg2 Nxc3 6. bxc3 Bd6 7. Nf3 0-0 8. 0-0 c6 9. d4 exd4 10. cxd4 Be6 11. Qd3 h6 12. c4 Nd7 13. Rd1 Be7 14. d5 cxd5 15. cxd5 Bg4 16. Bf4 Nc5 17. Qd4 Bxf3 18. Bxf3 Bd6 19. Bd2 Nd7 20. Rab1 b6 21. Bg2 Rc8 22. Rbc1 Rc5 23. Qa4 Qc7 24. Be3 Rxc1 25. Rxc1 Nc5 26. Qd1 f5 27. Bd4 f4 28. Qg4 fxg3 29. hxg3 Qe7 30. Rc2 Qf7 31. Re2 g6 32. Bc3 Kh7 33. Qd4 Nd7 34. Qh4 Nf6 35. Bd2 Nh5 36. Bb4 Bxb4 37. Qxb4 Re8 38. Rxe8 Qxe8 39. d6 Nf6 40. Qc3 Kg7 41. Qc7+ Qf7 42. Bh3 Nd5 43. Qc8 Nf6 44. d7 Ne4 45. Qc2 Qe7 1-0

[Event "Wch U18 Girls"]
[Site "Al Ain"]
[Date "2013.12.23"]
[Round "9"]
[White "Klek, Hanna Marie"]
[Black "Nevioselaya, Maria"]
[Result "1-0"]
[WhiteElo "2297"]
[BlackElo "2088"]
[PlyCount "71"]
[EventDate "2013.12.18"]
[EventType "swiss"]
[EventRounds "11"]
[EventCountry "UAE"]
[SourceTitle "CBM 158 Extra"]
[Source "ChessBase"]
[SourceDate "2014.02.28"]
[SourceVersion "1"]
[SourceVersionDate "2014.02.28"]
[SourceQuality "1"]

1. e4 e5 2. Nf3 Nc6 3. Bc4 Bc5 4. 0-0 Nf6 5. d4 Bxd4 6. Nxd4 Nxd4 7. f4 d6 8. fxe5 dxe5 9. Bg5 Be6 10. Na3 Qd6 11. Bxf6 gxf6 12. c3 Nc6 13. Qxd6 cxd6 14. Rxf6 Ke7 15. Raf1 Raf8 16. Bd5 Bxd5 17. exd5 Nb8 18. Nc4 Nd7 19. Rh6 f6 20. Ne3 Nc5 21. Rf3 Rf7 22. Nf5+ Kd7 23. b4 Ne4 24. Rh4 Ng5 25. Re3 Rc8 26. c4 b6 27. Rc3 Rc7 28. Kf2 Rf8 29. Ke3 Rfc8 30. a4 a6 31. b5 axb5 32. axb5 Ra7 33. Rh6 Rg8 34. Rxf6 Ra1 35. Rxd6+ Kc7 36. Rc6+ 1-0